Neighbourhoods in Vaughan, Ontario - Statistics

General Stats
  • This quiz has been taken 6 times
  • The average score is 6 of 13
Answer Stats
Hint Answer % Correct
46.7% Italian, which was once the highest concentration in Canada Woodbridge
100%
Historical district, home of the McMichael Canadian Art Collection Kleinburg
80%
Home of Canada's Wonderland and Vaughan City Hall Maple
80%
Shared between Vaughan and Markham Thornhill
80%
Suburban industrial district, home of Vaughan Mills Concord
60%
Transit-oriented hub with Vaughan's only TTC station Vaughan Metropolitan Centre
60%
Residential neighbourhood near Weston Road and Rutherford Road Vellore
40%
Near the intersection of Rutherford Road and Highway 27 Elder's Mills
20%
Northernmost community in the city, mostly rural Hope
20%
Semi-rural village along the Humber River Nashville
20%
Originally a hamlet north of Woodbridge, now and enclave Pine Grove
20%
Has 2 cemeteries Purpleville
20%
Suburban neighbourhood, former hamlet Teston
20%
No matching quizzes found
Score Distribution
Percent of People with Each Score
Percentile by Number Answered
Your Score History
You have not taken this quiz